| 000 | 02302cam a2200673 a 4500 | ||
|---|---|---|---|
| 001 | 22006 | ||
| 003 | VRT | ||
| 005 | 20260317145407.0 | ||
| 008 | 240318s2016 xo a c 000 f slo | ||
| 015 | _aSNBA2017/04 | ||
| 020 |
_a9788055624730 _q(viaz.) |
||
| 035 | _aurn:nbn:sk:snk-am00cy73 | ||
| 035 | _aurn:nbn:sk:snk-am3hf73 | ||
| 035 | _a73555E47-DF63-4FA0-9589-A45E699A67B9 | ||
| 039 | 9 |
_a202410020720 _bmsnk180 _c202403182028 _dVLOAD _c202105271119 _dmbin01 _c202001041046 _dVLOAD |
|
| 040 |
_aTTKJF _bslo _cTTKJF _dSNK _eAACR2 |
||
| 041 | 0 | _aslo | |
| 044 |
_axo _cSK |
||
| 072 | 7 |
_a821.162.4-3 _xSlovenská próza _2konspekt |
|
| 072 | 7 |
_a821-93 _xLiteratúra pre deti a mládež (beletria) _2konspekt |
|
| 080 |
_a821.162.4-31 _22011 |
||
| 080 |
_a(0:82-311.3) _22011 |
||
| 080 |
_a82-93-053.2 _22011 |
||
| 100 | 1 |
_aWeiss, Pavol, _d1962- _4aut |
|
| 245 | 1 | 0 |
_aTajomný mlyn v Karpatoch _cPavol Weiss ; [ilustrácie] Danglár |
| 250 | _a1. vyd. | ||
| 260 |
_aBratislava _bSlovart _c2016 |
||
| 300 |
_a117 s. _bilustr. _c21 cm |
||
| 521 | 1 | _aPre deti 9+ | |
| 655 | 7 |
_aslovenské romány _2SNKPH |
|
| 655 | 7 |
_adobrodružné romány _2SNKPH |
|
| 655 | 7 |
_apublikácie pre deti _2SNKPH |
|
| 655 | 7 |
_aSlovak fiction _2SNKPHeng |
|
| 655 | 7 |
_aAdventure novels _2SNKPHeng |
|
| 655 | 7 |
_aChildren's literature _2SNKPHeng |
|
| 700 | 1 |
_aGertli, Jozef, _d1962- _4ill |
|
| 711 | 2 |
_aNajkrajšie a najlepšie detské knihy jari, leta, jesene a zimy na Slovensku _n(27 : _d2016 : _cBratislava, Slovensko). _eNajkrajšia detská kniha jesene 2016 |
|
| 910 | _attkjf | ||
| 910 | _apppk | ||
| 910 | _apokpoh | ||
| 910 | _ahevk | ||
| 910 | _askpk | ||
| 910 | _abin | ||
| 910 | _asnk | ||
| 910 | _atotk | ||
| 910 | _asavuk | ||
| 910 | _asllk | ||
| 910 | _avthk | ||
| 910 | _abjkdg | ||
| 942 |
_2ddc _cKLDE _n0 |
||
| 949 |
_63870A24545 _abinNDK 2016/13 _bbin24545 |
||
| 949 |
_6270001000558727 _asvkbbA 150219 _bsvkbbm 767189 |
||
| 949 |
_617A1255249 _asnkSC 173913 _bsnk2017/7725 _o678/17 _s6100:20170421 |
||
| 949 |
_617A1255250 _asnkSC 173913 D1 _bsnk2017/7726 _o678/17 |
||
| 949 |
_63870A24606 _abinIL 1341 _bbin24606 |
||
| 949 |
_62889325828 _asavukPV 23958 _bsavuk2017/1769 |
||
| 949 |
_6273K0620034 _asvkpoA 235474 _bsvkpo616089 |
||
| 999 |
_c22006 _d22006 |
||